• 首页
  • 本馆介绍
  • 公告通知
  • 最新文献
  • 馆藏检索
  • 电子资源
  • 读者导购
  • 参考咨询
  • 我的图书馆
  • 登录
  • 详细信息显示
  • 放入我的书架
  • 预约/预借图书
  • 作者相关作品
  • 分类相关作品
  • 丛书相关作品
  • 出版社相关作品

书目信息

  • 表格格式
  • 工作单格式
  • 卡片格式
题名:
微商成长手册
    
 
作者: 任淑美 著
分册:  
出版信息: 北京   中国商业出版社  2017
页数: 277页
开本: 24cm
丛书名:
单 册:
中图分类: F713.365.2
科图分类:
主题词: 网络营销
电子资源:
ISBN: 978-7-5044-9565-5
000 00944nam0 2200265 450
001 012001000692
005 20140920091302.0
010    @a978-7-5044-9565-5@dCNY42.80
100    @a20170215d2017 em y0chiy50 ea
101 0  @achi
102    @aCN@b110000
105    @ay z 000yy
106    @ar
200 1  @a微商成长手册@9Wei Shang Cheng Zhang Shou Ce@f任淑美著
210    @a北京@c中国商业出版社@d2017
215    @a277页@d24cm
300    @a简单而实用的微商创业学习手册
312    @a封面英文题名:From the mundane to the excellent
330    @a本书紧扣微商如何创业这一主题,从“实用”的角度,详细地介绍了微商创业的商业模式,如何选择合适的平台,如何选择创业项目,创业启动后如何有效引流、吸粉,如何开展营销工作等。
510 1  @aFrom the mundane to the excellent@zeng
606 0  @a网络营销
690    @aF713.365.2@v5
701  0 @a任淑美@9Ren Shu Mei@4著
801  0 @aCN@b上海新华@c20180901
905    @b1155245-49@dF713.365.2@e1022@f5
    
    微商成长手册/任淑美著.-北京:中国商业出版社,2017
    277页;24cm
    简单而实用的微商创业学习手册
    
    ISBN 978-7-5044-9565-5:CNY42.80
    本书紧扣微商如何创业这一主题,从“实用”的角度,详细地介绍了微商创业的商业模式,如何选择合适的平台,如何选择创业项目,创业启动后如何有效引流、吸粉,如何开展营销工作等。
●
相关链接 在E读中查询图书 在五车中查询图书 在当当中查询图书 在豆瓣中查询图书


正题名:微商成长手册     索取号:F713.365.2/1022         预约/预借

序号 登录号 条形码 馆藏地/架位号 状态 备注
1 1155245   211552452   第一样本阅览室/ [索取号:F713.365.2/1022] 在馆    
2 1155246   211552461   第一借阅区/ [索取号:F713.365.2/1022] 在馆    
3 1155247   211552470   第一借阅区/ [索取号:F713.365.2/1022] 在馆    
4 1155248   211552489   第一借阅区/ [索取号:F713.365.2/1022] 在馆    
5 1155249   211552498   密集书库-海洋学院/ [索取号:F713.365.2/1022] 在馆    
唐山师范学院图书馆 欢迎您!
大连网信软件有限公司© 版权所有